The state and revolution/ (Record no. 7979)

MARC details
000 -LEADER
fixed length control field 00516 a2200181 4500
010 ## - LCCN (DPL NO)
LC control number ENG-88277
020 ## - INTERNATIONAL STANDARD BOOK NUMBER
International Standard Book Number 817728744
Terms of availability 40.00
035 ## - SYSTEM CONTROL NUMBER
System control number EN-71810
037 ## - SOURCE OF ACQUISITION
Source of stock number/acquisition DBAD / PUB
082 14 - DEWEY DECIMAL CLASSIFICATION NUMBER
Classification number 947.0841092
100 1# - MAIN ENTRY--PERSONAL NAME
Personal name Lenin
245 1# - TITLE STATEMENT
Title The state and revolution/
Statement of responsibility, etc by Lenin
260 ## - PUBLICATION, DISTRIBUTION, ETC. (IMPRINT)
Place of publication, distribution, etc Lucknow
Name of publisher, distributor, etc Rahul Foundation
Date of publication, distribution, etc 2006
300 ## - PHYSICAL DESCRIPTION
Extent 116 p.
Dimensions 22cm (Pbk)
490 ## - SERIES STATEMENT
Series statement Workers of all countries uite
500 ## - GENERAL NOTE
General note Includes bibliographical refrences
942 ## - ADDED ENTRY ELEMENTS (KOHA)
Institution code [OBSOLETE] dpl
Item type English Books
Source of classification or shelving scheme Dewey Decimal Classification
Classification part 947.0841092
Call number suffix LEN
Holdings
Withdrawn status Lost status Not for loan Collection code Home library Current library Source of acquisition Cost, normal purchase price Full call number Barcode Copy number Cost, replacement price Koha item type
    Not For Loan Non-fiction D.B.Act.Division D.B.Act.Division DBAD/PUB 40.00 947.0841092 LEN EN-71810 1 40.00 English Books

© Delhi Public Library
Hit Counter
free hit counter